Ley 136-03 Código para el sistema de protección y los derechos fundamentales de niños, niñas y adolecentes y Ley 24-97, que modifica el Código Penal Dominicano, sanciona la violencia contra la mujer, doméstica e intrafamiliar (Record no. 9518)

MARC details
000 -LEADER
campo de control de longitud fija 00588nam a2200133Ia 4500
001 - NÚMERO DE CONTROL
campo de control 3338
008 - DATOS DE LONGITUD FIJA--INFORMACIÓN GENERAL
campo de control de longitud fija 241024s9999 xx 000 0 und d
082 ## - NÚMERO DE LA CLASIFICACIÓN DECIMAL DEWEY
Número de clasificación RD/348.086945/R426l/136-03/24-97 LIBRO NO ESTA
100 ## - ENTRADA PRINCIPAL--NOMBRE DE PERSONA
Nombre de persona República Dominicana. Despacho de la Primera Dama
245 #0 - MENCIÓN DEL TÍTULO
Título Ley 136-03 Código para el sistema de protección y los derechos fundamentales de niños, niñas y adolecentes y Ley 24-97, que modifica el Código Penal Dominicano, sanciona la violencia contra la mujer, doméstica e intrafamiliar
260 ## - PUBLICACIÓN, DISTRIBUCIÓN, ETC.
Nombre del editor, distribuidor, etc. 2008
Fecha de publicación, distribución, etc. 2008
901 ## - ELEMENTOS DE DATOS A LOCAL LDA (RLIN)
a 9/10/2013 5:21:17 p.m.

No items available.

© 2024. Todos los Derechos Reservados. Desarrollado por IDEICE